000 00472 a2200169 4500
003 OSt
005 20230927102422.0
008 230927b |||||||| |||| 00| 0 eng d
020 _a9788184874266
040 _coclc
082 _a512.2
_bPAT/G
100 _aPatra, P K
_99628
245 _aGroup theory and its applications /
_cP K Patra, R K Thapa
260 _bNarosa,
_c2018.
300 _a194 p
942 _2ddc
_cBK
_h512.2
_iPAT/G
_k512.2
_mPAT/G
999 _c42404
_d42404